| 000 | 01116ntaaa2200217 4500 | ||
|---|---|---|---|
| 003 | 01 | ||
| 005 | 20251027203342.0 | ||
| 008 | 0714s1973 ag 01 | ||
| 040 |
_aAR-BaBN _bspa _cAR-BaBN _eaacr _dRIC |
||
| 100 |
_aVivaldi, Antonio _d1678-1741 |
||
| 245 |
_aGloria para solos, coro y orquesta (RV 589) ; Stabat Mater para contralto, arcos y bajo continuo (RV 621) ; Motete "O qui coeli terraeque serenitas" (RV 631) para soprano, arcos y bajo continuo / _cAntonio Vivaldi |
||
| 260 |
_aBuenos Aires : _bViscontea [distribuidor], _cc1979 |
||
| 300 |
_a1 disco son. (47 min., 30 seg.) ; _canalógico, 33 1/3 rpm, estereo ; 12 plg. |
||
| 490 |
_aLos grandes músicos ; _v63 |
||
| 500 | _aTítulo tomado del fascículo complementario | ||
| 500 | _aFriederike Sailer, soprano ; Margarete Bence, contralto ; Susanne Lautenbacher, violín solista ; Coro y Orquesta Pro Musica de Stuttgart, Marcel Couraud, director | ||
| 500 | _aFabricado por: CBS. Licencia de: Vox-Turnabout-MMG (The Moss Music Group) | ||
| 500 | _aDuraciones: 25 min., 45 seg. ; 13 min., 44 seg. ; 8 min., 1 seg. | ||
| 650 | _aMUSICA | ||
| 942 | _cBK | ||
| 999 |
_c29039 _d29039 |
||